00658cam a2200181 a 4500020001800000022001300018040000800031082002600039245002400065260007600089300004500165500002400210650001500234710006100249942001000310999001700320952013900337 a9789251088098 a10205292 cJNA00a639 FOP 2015 C132 Or.00aFishing operations. aRome :bFood and Agriculture Organization of the United Nations,c2015. a1 v. (various pagings) :bill. ;c21 cm. a"M-40"--T.p. verso. 0aFisheries.2 aFood and Agriculture Organization of the United Nations. cAEDBB c20947d20947 0010406639_000000000000000_FOP_2015_C084_OR70992623aLBAbLBAcA084d2023-01-18o639 FOP 2015 C084 Or.pa071152r2023-01-18yAEDBB